| 000 | 00640nam a2200217Ia 4500 | ||
|---|---|---|---|
| 003 | IN-BaIIA | ||
| 005 | 20250829121856.0 | ||
| 008 | 211028s9999 xx 000 0 eng d | ||
| 020 | _a978-1-316-61483-9 | ||
| 040 | _cIIA Library | ||
| 080 |
_a51 _bEAR |
||
| 100 |
_aEarl, Richard _937140 |
||
| 245 | 0 |
_aTowards higher mathematics _ba companion _cRichard Earl |
|
| 260 |
_aCambridge _bCambridge University Press _c2017 |
||
| 300 | _axvi, 527p. | ||
| 500 | _aindex given; ill. | ||
| 650 |
_aExercises _913551 |
||
| 650 |
_aMathematics _982 |
||
| 650 |
_aProblems _937141 |
||
| 942 |
_cBK _2ddc |
||
| 999 |
_c19428 _d19428 |
||